MARC details
| 000 -LEADER |
| fixed length control field |
02010nam a22002897a 4500 |
| 003 - CONTROL NUMBER IDENTIFIER |
| control field |
SEM |
| 005 - DATE AND TIME OF LATEST TRANSACTION |
| control field |
20220608072427.0 |
| 008 - FIXED-LENGTH DATA ELEMENTS--GENERAL INFORMATION |
| fixed length control field |
171225b xxu||||| |||| 00| 0 eng d |
| 020 ## - INTERNATIONAL STANDARD BOOK NUMBER |
| International Standard Book Number |
9789081926409 |
| 040 ## - CATALOGING SOURCE |
| Original cataloging agency |
|
| Transcribing agency |
|
| 041 1# - LANGUAGE CODE |
| Language code of text/sound track or separate title |
eng. |
| -- |
arm. |
| 080 ## - UNIVERSAL DECIMAL CLASSIFICATION NUMBER |
| Universal Decimal Classification number |
002(47.925)/L-23 |
| 100 1# - MAIN ENTRY--PERSONAL NAME |
| Personal name |
Lane John A. |
| Fuller form of name |
(Լեյն Ջոն Ա.) |
| 245 10 - TITLE STATEMENT |
| Title |
The diaspora of Armenian printing. 1512-2012=Հայկական գրատպության սփյուռքը: 1512-2012 թթ.: / |
| Statement of responsibility, etc. |
J. Lane; Trl.: A. M. Martirosjan-Mattaar; Edt.: S. van der Veen, N. Atabekyan |
| 246 11 - VARYING FORM OF TITLE |
| Title proper/short title |
Հայկական գրատպության սփյուռքը: |
| Remainder of title |
1512-2012 թթ.: |
| 260 ## - PUBLICATION, DISTRIBUTION, ETC. |
| Place of publication, distribution, etc. |
Amsterdam: |
| -- |
Yerevan: |
| Name of publisher, distributor, etc. |
Bijzondere collecties, |
| Date of publication, distribution, etc. |
2012. |
| 300 ## - PHYSICAL DESCRIPTION |
| Extent |
222 p.; |
| Other physical details |
ill.; notes; letters; |
| Dimensions |
24 cm. |
| 500 ## - GENERAL NOTE |
| General note |
[Armenia, the alphabet and the art of printing. Armenians print for themselves and Catholics print to covert them. Scholarly and not so scholarly printing offices. Armenian printing offices spread but falter. Armenian printing in Amsterdam. The Amsterdam press moves to Livorno, Marseille and Constantinople, and a new press begins in Amsterdam. Venice and Amsterdam revisited. Armenian printing spreads around the world and reaches the homeland. Scholars, Protestant Missions, the Armenian Apostolic Church and Bible Societies. Westernization, advertising, new fashions ... and Jesuits!] |
| 504 ## - BIBLIOGRAPHY, ETC. NOTE |
| Bibliography, etc. note |
Notes p.: 210-215; Select. list of sources p.: 216-217; Chron. of Armenian print. centres p.: 218; Sources for the ill. p.: 219-230. |
| 650 ## - SUBJECT ADDED ENTRY--TOPICAL TERM |
| Topical term or geographic name entry element |
Armenian printing |
| 700 1# - ADDED ENTRY--PERSONAL NAME |
| Personal name |
Martirosjan-Mattaar Anna Maria |
| Relationship |
trl. |
| Fuller form of name |
(Մարտիրոսյան-Մատտաար Աննա Մարիա) |
| 700 1# - ADDED ENTRY--PERSONAL NAME |
| Personal name |
Veen Sytze van der |
| Relationship |
edt. |
| Fuller form of name |
(Վեյն Սիտզե վան դեր) |
| 700 1# - ADDED ENTRY--PERSONAL NAME |
| Personal name |
Atabekyan Nerses |
| Relationship |
edt. |
| Fuller form of name |
(Աթաբեկյան Ներսես) |
| 852 ## - LOCATION |
| Former shelving location |
81 |
| 852 ## - LOCATION |
| Former shelving location |
81 |
| 942 ## - ADDED ENTRY ELEMENTS (KOHA) |
| Source of classification or shelving scheme |
Universal Decimal Classification |
| Koha item type |
Գրքեր/Books |